5 plus grandes villes des pays d'Europe - Statistiques

Statistiques générales
  • Ce quiz a été pris 2 543 fois
    975 depuis la dernière actualisation
  • Le résultat moyen est 58 sur 185
Statistiques - réponses
Pays Ville % Correct
Royaume-Uni Londres
98%
France Paris
95%
Marseille
94%
Lyon
92%
Allemagne Berlin
90%
Manchester
90%
Irlande Dublin
88%
Espagne Madrid
88%
Italie Rome
88%
Barcelone
86%
Portugal Lisbonne
84%
Bruxelles
82%
Milan
82%
Nice
81%
Toulouse
81%
Pays-Bas Amsterdam
80%
Berne
79%
Munich
78%
Porto
78%
Autriche Vienne
77%
Ukraine Kiev
76%
Naples
76%
Norvège Oslo
76%
Pologne Varsovie
76%
Danemark Copenhague
75%
Russie(partie européenne) Moscou
75%
Seville
75%
Suède Stockholm
74%
Grèce Athènes
73%
Turin
73%
Genève
72%
Roumanie Bucarest
70%
Suisse Zurich
70%
Birmingham
69%
Rotterdam
69%
Saint-Pétersbourg
69%
Croatie Zagreb
69%
République Tchèque Prague
68%
Hongrie Budapest
67%
Finlande Helsinki
67%
Valence
67%
Bulgarie Sofia
66%
Francfort-sur-le-Main
64%
Bielorussie Minsk
64%
Hambourg
63%
Cracovie
60%
Liège
59%
Belgique Anvers
58%
Lettonie Riga
57%
Serbie Belgrade
56%
Estonie Tallinn
56%
Slovaquie Bratislava
54%
Glasgow
54%
Islande Reykjavik
54%
Lituanie Vilnius
54%
Edimbourg
53%
Bosnie-Herzégovine Sarajevo
53%
Cologne
52%
Albanie Tiranë
52%
Bilbao
51%
Lausanne
49%
Palerme
49%
La Haye
47%
Bâle
46%
Salzbourg
46%
Malmö
45%
Macédoine du Nord Skopje
45%
Moldavie Chisinau
44%
Cork
42%
Kosovo Pristina
41%
Charleroi
39%
Monténégro Podgorica
39%
Split
38%
Odessa
36%
Thessalonique
36%
Gand
35%
Göteborg
33%
Eindhoven
30%
Donetsk
29%
Bergen
28%
Kharkiv
28%
Braga
27%
Łódź
27%
Utrecht
25%
Graz
23%
Innsbruck
23%
Nijni Novgorod
22%
Brno
20%
Linz
20%
Galway
19%
Kazan
19%
Poznań
19%
Cluj-Napoca
18%
Wrocław
18%
Kaunas
16%
Århus
15%
Héraklion
14%
Dnipro
13%
Plzeň
13%
Trondheim
13%
Aalborg
12%
Limerick
12%
Tampere
12%
Le Pirée
11%
Odense
11%
Novi Sad
10%
Tiraspol
10%
Uppsala
10%
Varna
10%
Zadar
10%
Constanța
8%
Ostrava
8%
Rijeka
8%
Setubal
8%
Timișoara
8%
Debrecen
7%
Plovdiv
7%
Samara
7%
Kosice
6%
Niš
6%
Turku
6%
Durrës
5%
Gomel
5%
Iași
5%
Mostar
5%
Stavanger
5%
Tartu
5%
Olomouc
4%
Patras
4%
Waterford
4%
Akureyri
3%
Amadora
3%
Banja Luka
3%
Bourgas
3%
Esbjerg
3%
Espoo
3%
Grodno
3%
Klaipėda
3%
Osijek
3%
Pecs
3%
Vitebsk
3%
Balti
2%
Daugavpils
2%
Narva
2%
Pärnu
2%
Roussé
2%
Shköder
2%
Szeged
2%
Vantaa
2%
Västerås
2%
Zilina
2%
Bitola
1%
Elbasan
1%
Jelgava
1%
Jūrmala
1%
Kopavogur
1%
Kragujevac
1%
Kumanovo
1%
Leskovac
1%
Liepāja
1%
Miskolc
1%
Mitrovica
1%
Moguilev
1%
Niksic
1%
Nitra
1%
Panevėžys
1%
Presov
1%
Prizren
1%
Sandvika
1%
Šiauliai
1%
Tetovo
1%
Tuzla
1%
Vlorë
1%
Zenica
1%
Berane
0%
Cetinje
0%
Gjilan
0%
Hafnarfjörour
0%
Kothla-Järve
0%
Peja
0%
Pljevlja
0%
Prilep
0%
Reykjanesbaer
0%
Ribnita
0%
Tighina
0%
Aucun quiz correspondant
Distribution des résultats
% des personnes avec chaque résultat
Percentile par nombre de réponses
Votre historique - résultats
Vous n’avez pas pris ce quiz depuis la dernière actualisation